000 00900nam a2200217 i 4500
001 154265
003 ES-MaACL
005 20230906205606.0
008 931025s1891 sp |||| | spa d
100 1 _aGascón, Juan Francisco.
_955855
245 1 0 _aNavalcarnero /
_cpor Juan Francisco Gascón.
260 _aMadrid :
_bBiblioteca de la Revista Ilustrada de la Provincia,
_c1891 (
_fImp. de E. Rubiños)
300 _aXI, 122 p., [1] h. de map. ;
_c20 cm.
490 1 _aBiblioteca de la Provincia de Madrid: crónica general de sus pueblos ;
_v16
596 1 _aObra patrocinada por la Diputación Provincial.
700 1 1 _aRubiños, Enrique,
_eimp.
_9132157
710 1 _aMadrid (Provincia).
_bDiputación Provincial.
_9134671
830 0 _aBiblioteca de la Provincia de Madrid: crónica general de sus pueblos ;
_v16
_9187684
852 _aES-MaACL
_jG-256
_z-- Rúst.
999 _c154265
_d154265